Fred and Mike (Record no. 1384)

000 -LEADER
fixed length control field 00605nam a22002177a 4500
003 - CONTROL NUMBER IDENTIFIER
control field OSt
005 - DATE AND TIME OF LATEST TRANSACTION
control field 20210426081505.0
008 - FIXED-LENGTH DATA ELEMENTS--GENERAL INFORMATION
fixed length control field 210215s2011 ||||| |||| 00| 0 eng d
020 ## - INTERNATIONAL STANDARD BOOK NUMBER
International Standard Book Number 9781465355881 (hb)
020 ## - INTERNATIONAL STANDARD BOOK NUMBER
International Standard Book Number 9781465355843 (sb)
040 ## - CATALOGING SOURCE
Original cataloging agency eng
Language of cataloging eng
Transcribing agency DLC
041 ## - LANGUAGE CODE
Language code of text/sound track or separate title eng
080 ## - UNIVERSAL DECIMAL CLASSIFICATION NUMBER
Universal Decimal Classification number 821.111
Item number H-93
100 ## - MAIN ENTRY--PERSONAL NAME
9 (RLIN) 389
Personal name Hurst, J. Willis
245 ## - TITLE STATEMENT
Title Fred and Mike
Statement of responsibility, etc. / by: Xlibris Corporation
260 ## - PUBLICATION, DISTRIBUTION, ETC.
Place of publication, distribution, etc. USA
Name of publisher, distributor, etc. Xlibris Corporation
Date of publication, distribution, etc. 2011
300 ## - PHYSICAL DESCRIPTION
Extent 133 p.
650 #0 - SUBJECT ADDED ENTRY--TOPICAL TERM
9 (RLIN) 254
Topical term or geographic name entry element English literature
653 ## - INDEX TERM--UNCONTROLLED
Uncontrolled term ინგლისური ლიტერატურა
942 ## - ADDED ENTRY ELEMENTS (KOHA)
Source of classification or shelving scheme
Koha item type Books
Holdings
Withdrawn status Lost status Source of classification or shelving scheme Damaged status Not for loan Permanent location Current location Date acquired Inventory number Total Checkouts Full call number Barcode Date last seen Price effective from Koha item type
          Ken Walker International University Ken Walker International University 02/15/2021 266   821.111 H-93 266 02/15/2021 02/15/2021 Books

Powered by Koha